[Event "Regionalliga NO 1516"]
[Site "Bayern"]
[Date "2016.04.10"]
[Round "9.5"]
[White "Olsza, Artur"]
[Black "Holzer, Johann"]
[Result "1/2-1/2"]
[WhiteElo "1769"]
[BlackElo "1863"]
[PlyCount "90"]
[EventDate "2015.10.11"]
[EventType "team-tourn"]
[EventRounds "9"]
[EventCountry "GER"]
[SourceTitle "EXT 2018"]
[Source "ChessBase"]
[SourceDate "2017.10.13"]
[SourceVersion "1"]
[SourceVersionDate "2017.10.13"]
[SourceQuality "1"]
[WhiteTeam "Schwandorf"]
[BlackTeam "Bechhofen"]
[WhiteTeamCountry "GER"]
[BlackTeamCountry "GER"]

1. e4 e5 2. Nc3 Nc6 3. Bc4 Nf6 4. d3 Na5 5. Bb3 Nxb3 6. axb3 c6 7. Bg5 Be7 8. Nge2 0-0 9. 0-0 d5 10. Bxf6 Bxf6 11. Ng3 g6 12. f4 exf4 13. Rxf4 Be5 14. Rf1 Qh4 15. exd5 cxd5 16. Ra4 d4 17. Qe1 f6 18. Nce2 Bd7 19. Ra1 a6 20. Qb4 Bc6 21. c3 Qh6 22. Qc4+ Kg7 23. cxd4 Qe3+ 24. Rf2 Bxg3 25. Nxg3 Rad8 26. Qc3 Rxd4 27. Re1 Qxd3 28. Re7+ Rf7 29. Qc5 Rd5 30. Qe3 Qb1+ 31. Nf1 Rd1 32. Qe6 Rxe7 33. Qxf6+ Kh6 34. Qh4+ Kg7 35. Qxe7+ Kh6 36. Qh4+ Kg7 37. Qf6+ Kh6 38. Qf4+ g5 39. Qf6+ Qg6 40. Qf8+ Kh5 41. Rf6 Bxg2 42. Kxg2 Qe4+ 43. Rf3 Qe2+ 44. Rf2 Rxf1 45. Qf7+ Kh6 1/2-1/2